[Event "FB22 2223 Hamburger SK II - Delmenhorst"]
[Site "?"]
[Date "2022.10.16"]
[Round "2.4"]
[White "Saynajakangas, Kirsi"]
[Black "Moeller, Hannah"]
[Result "0-1"]
[WhiteElo "1622"]
[BlackElo "1758"]
[PlyCount "74"]
[EventDate "2022.??.??"]

1. d4 Nf6 2. Bf4 g6 3. Nc3 Bg7 4. e4 d6 5. Nf3 c6 6. Qd2 Qa5 7. Bd3 Nbd7 8. O-O-O b5 9. e5 dxe5 10. dxe5 b4 11. exf6 bxc3 12. Qxc3 Qxc3 13. bxc3 Nxf6 14. Bc4 O-O 15. Rhe1 e6 16. Nd4 Nd5 17. Bd2 Bb7 18. Bxd5 cxd5 19. Nb5 Bc6 20. Nd4 Rfc8 21. Be3 Ba4 22. Rd3 a6 23. Kd2 e5 24. Nb3 e4 25. Rd4 Bxd4 26. Bxd4 Bb5 27. Rd1 Rab8 28. Ke3 Rb7 29. Nc5 Rbc7 30. a4 Bc4 31. Nb3 f5 32. g3 Kf7 33. h4 Bxb3 34. cxb3 Rxc3+ 35. Bxc3 Rxc3+ 36. Kd4 Rxb3 37. Kxd5 Rd3+ 0-1

[Event "FB22 2223 Hamburger SK II - Delmenhorst"]
[Site "?"]
[Date "2022.10.16"]
[Round "2.5"]
[White "Wollscheid, Stefanie"]
[Black "Reich, Kristina"]
[Result "1-0"]
[WhiteElo "1670"]
[BlackElo "1522"]
[PlyCount "65"]
[EventDate "2022.??.??"]

1. e4 c5 2. Nf3 e6 3. d4 cxd4 4. Nxd4 a6 5. Nc3 Qc7 6. Bd3 b5 7. a3 Bb7 8. Be3 Nf6 9. f4 d6 10. g4 Nc6 11. g5 Nd7 12. Qh5 Nxd4 13. Bxd4 e5 14. fxe5 dxe5 15. Be3 Nc5 16. O-O-O O-O-O 17. Nd5 Nxd3+ 18. Rxd3 Bxd5 19. exd5 Kb8 20. Rf1 g6 21. Qf3 Rd7 22. Qf6 Rg8 23. Qxa6 Qb7 24. Qa5 Bg7 25. Rfd1 Rd6 26. Rb3 Qa6 27. Rxb5+ Kc8 28. Qb4 Rf8 29. Bc5 Rfd8 30. Bxd6 Qxd6 31. Qc4+ Kd7 32. Rf1 f6 33. Rb7+ 1-0

[Event "FB22 2223 Hamburger SK II - Delmenhorst"]
[Site "?"]
[Date "2022.10.16"]
[Round "2.6"]
[White "Modali, Nikhilamrutha"]
[Black "Oellrich, Emma"]
[Result "0-1"]
[WhiteElo "1355"]
[BlackElo "1505"]
[PlyCount "62"]
[EventDate "2022.??.??"]

1. e4 e6 2. d4 d5 3. Nc3 Bb4 4. e5 c5 5. a3 Bxc3+ 6. bxc3 Ne7 7. Qg4 Qc7 8. Qxg7 Rg8 9. Qxh7 cxd4 10. Ne2 Nbc6 11. f4 dxc3 12. Qd3 Nf5 13. g3 d4 14. Bh3 Qb6 15. O-O Bd7 16. Rd1 O-O-O 17. Bxf5 exf5 18. Nxd4 Nxd4 19. Be3 Nf3+ 20. Kf2 Qc6 21. Bxa7 Nxh2 22. Rab1 Be6 23. Qe3 Ng4+ 24. Ke1 Nxe3 25. Bxe3 Qh1+ 26. Ke2 Bc4+ 27. Kf2 Rxd1 28. Rxd1 Qxd1 29. Bb6 Qe2+ 30. Kg1 Qf1+ 31. Kh2 Rh8# 0-1

[Event "FB22 2223 Lübecker SV - SV Mülheim-No"]
[Site "?"]
[Date "2022.10.16"]
[Round "2.3"]
[White "Stoer, Agnes"]
[Black "Mundt, Alexandra"]
[Result "1/2-1/2"]
[WhiteElo "1861"]
[BlackElo "1777"]
[PlyCount "56"]
[EventDate "2022.??.??"]

1. c4 g6 2. d4 Bg7 3. Nc3 c5 4. Nf3 Nc6 5. d5 Ne5 6. e4 d6 7. Be2 Nxf3+ 8. Bxf3 Nf6 9. O-O O-O 10. Rb1 Re8 11. Bf4 Nd7 12. Be2 Ne5 13. Bg3 f5 14. f4 Nf7 15. Bd3 Nh6 16. e5 Ng4 17. Qe2 e6 18. h3 Nh6 19. Qf2 Nf7 20. Bh4 Qa5 21. Bf6 dxe5 22. Bxg7 Kxg7 23. Be2 exf4 24. Rbd1 e5 25. d6 Bd7 26. Nd5 Rad8 27. Nc7 Rf8 28. Rd5 Nxd6 1/2-1/2

[Event "FB22 2223 Lübecker SV - SV Mülheim-No"]
[Site "?"]
[Date "2022.10.16"]
[Round "2.4"]
[White "Zech, Anna"]
[Black "Lebioda-Dette, Kordula"]
[Result "1-0"]
[WhiteElo "1542"]
[BlackElo "1689"]
[PlyCount "87"]
[EventDate "2022.??.??"]

1. e4 e5 2. Nf3 Nc6 3. Bb5 a6 4. Ba4 Nf6 5. O-O Be7 6. Nc3 d6 7. d4 exd4 8. Nxd4 Bd7 9. Re1 O-O 10. Bxc6 Bxc6 11. Nf5 Re8 12. Bg5 Kh8 13. Qd4 Bd7 14. Nxe7 Qxe7 15. Nd5 Qe5 16. Qxe5 dxe5 17. Nxc7 Be6 18. Nxa8 Rxa8 19. Bxf6 gxf6 20. b3 Rc8 21. c4 b5 22. cxb5 axb5 23. Rac1 Rd8 24. h3 Rd2 25. a4 bxa4 26. bxa4 Rd6 27. Rc5 Ra6 28. a5 Kg7 29. Rb1 Ra8 30. g4 Kg6 31. Kg2 h6 32. Kg3 h5 33. f4 exf4+ 34. Kxf4 hxg4 35. hxg4 Kg7 36. Rh1 Kg6 37. g5 fxg5+ 38. Rxg5+ Kf6 39. Rb1 Ke7 40. Rb7+ Kd6 41. Rgb5 Bc4 42. R7b6+ Ke7 43. Rc5 Be6 44. a6 1-0

[Event "FB22 2223 Lübecker SV - SV Mülheim-No"]
[Site "?"]
[Date "2022.10.16"]
[Round "2.5"]
[White "Cipkis, Swetlana"]
[Black "Boettcher, Elke"]
[Result "1/2-1/2"]
[WhiteElo "1702"]
[BlackElo "1734"]
[PlyCount "62"]
[EventDate "2022.??.??"]

1. e4 c5 2. Nf3 Nc6 3. d4 cxd4 4. Nxd4 g6 5. c3 Bg7 6. Be3 Nf6 7. Nd2 O-O 8. Be2 d6 9. O-O Bd7 10. f4 e5 11. Nb5 exf4 12. Bxf4 Ne5 13. Nd4 Rc8 14. Bg5 h6 15. Bh4 g5 16. Bg3 Nfg4 17. Qb3 b6 18. N2f3 Nxf3+ 19. Bxf3 Ne5 20. Bh5 Qe7 21. Nf5 Bxf5 22. exf5 Bf6 23. Rae1 Kg7 24. Qd5 Rc5 25. Qb3 Qd7 26. Bf2 Rc7 27. Bd4 Qd8 28. Qd1 Rd7 29. Be2 Qc7 30. Bb5 Rdd8 31. Kh1 Qb7 1/2-1/2

[Event "FB22 2223 SK Doppelbauer Turm Kiel - SV"]
[Site "?"]
[Date "2022.10.16"]
[Round "2.1"]
[White "Kushka, Alena"]
[Black "Michna, Marta"]
[Result "1/2-1/2"]
[WhiteElo "2130"]
[BlackElo "2318"]
[PlyCount "42"]
[EventDate "2022.??.??"]

1. d4 d6 2. Nf3 g6 3. c4 Bg7 4. g3 Nd7 5. Bg2 e5 6. O-O Ne7 7. Nc3 O-O 8. e4 exd4 9. Nxd4 Nc6 10. Nde2 Nc5 11. Be3 Re8 12. h3 a5 13. Rb1 Be6 14. b3 f5 15. Nd4 Nxe4 16. Nxe6 Rxe6 17. Nxe4 fxe4 18. Bxe4 Kh8 19. Bd5 Re8 20. Bxc6 bxc6 21. Qg4 c5 1/2-1/2

[Event "FB22 2223 SK Doppelbauer Turm Kiel - SV"]
[Site "?"]
[Date "2022.10.16"]
[Round "2.2"]
[White "Staerk, Elisa"]
[Black "Mar, Karmen"]
[Result "1-0"]
[WhiteElo "1942"]
[BlackElo "1982"]
[PlyCount "129"]
[EventDate "2022.??.??"]

1. d4 d5 2. c4 c6 3. Nf3 Nf6 4. Nc3 dxc4 5. a4 Bf5 6. e3 e6 7. a5 Na6 8. Bxc4 Nb4 9. O-O Bd6 10. Ne5 O-O 11. f4 Bc7 12. Qa4 Nc2 13. Ra2 Nxd4 14. exd4 Qxd4+ 15. Kh1 Bxe5 16. fxe5 Ng4 17. Nd1 Rfd8 18. Be2 Nxe5 19. Qxd4 Rxd4 20. Be3 Rd7 21. Nc3 Bg4 22. h3 Bxe2 23. Nxe2 Nc4 24. Bd4 e5 25. Bc3 f6 26. Ng3 Rad8 27. Nf5 g6 28. Nh6+ Kg7 29. Ng4 Rf8 30. Ra4 Nd6 31. Nxe5 Re7 32. Bb4 Rd8 33. Nc4 Re4 34. Bxd6 Rxd6 35. Nxd6 Rxa4 36. Nxb7 Rb4 37. Nd8 Rxb2 38. Nxc6 Rb5 39. Rd1 Rb7 40. Rd4 Rc7 41. Nb8 Kf7 42. Na6 Rc1+ 43. Kh2 Ke6 44. Nb4 Ra1 45. Rd5 Ra4 46. Rb5 Kd6 47. a6 h5 48. Kg3 g5 49. Kf3 Ra1 50. Rb7 Ra4 51. Ke3 f5 52. Kd4 g4 53. hxg4 fxg4 54. Kc4 Ra1 55. Rxa7 h4 56. Rg7 h3 57. gxh3 gxh3 58. Rh7 Ra3 59. Kb5 Ke6 60. Nc2 Ra2 61. Nd4+ Kd5 62. Nc6 Ra3 63. a7 Ra1 64. Na5 Rb1+ 65. Ka6 1-0

[Event "FB22 2223 SK Doppelbauer Turm Kiel - SV"]
[Site "?"]
[Date "2022.10.16"]
[Round "2.3"]
[White "Kostiukova, Liubov"]
[Black "Rath, Alina"]
[Result "0-1"]
[WhiteElo "2226"]
[BlackElo "2062"]
[PlyCount "94"]
[EventDate "2022.??.??"]

1. e4 c5 2. Nf3 Nc6 3. g3 e5 4. Bg2 g6 5. d3 Bg7 6. O-O Nge7 7. c3 O-O 8. a3 d6 9. Nbd2 h6 10. b4 Be6 11. Bb2 Qd7 12. b5 Nd8 13. a4 d5 14. d4 exd4 15. cxd4 Rc8 16. Ne5 Bxe5 17. dxe5 d4 18. f4 Bg4 19. Bf3 Bh3 20. Nc4 Bxf1 21. Bg4 Ne6 22. Qxf1 f5 23. exf6 Rxf6 24. e5 Rff8 25. Nd6 Nf5 26. Qc4 Kh7 27. Re1 Rce8 28. Bxf5 Rxf5 29. Bc1 Rff8 30. Rf1 Re7 31. Qc2 Ref7 32. Qd2 Ng7 33. f5 Nxf5 34. Nxf5 Rxf5 35. Qxh6+ Kg8 36. Qxg6+ Qg7 37. Qxf5 Rxf5 38. Rxf5 Qd7 39. Rf6 Qg4 40. Bf4 Qd1+ 41. Kf2 d3 42. Rd6 Qe2+ 43. Kg1 c4 44. e6 c3 45. Rd8+ Kg7 46. e7 Qxe7 47. Rxd3 Qe1+ 0-1

[Event "FB22 2223 SK Doppelbauer Turm Kiel - SV"]
[Site "?"]
[Date "2022.10.16"]
[Round "2.4"]
[White "Gressmann, Hanna"]
[Black "Lauterbach, Ingrid"]
[Result "1-0"]
[WhiteElo "1870"]
[BlackElo "2072"]
[PlyCount "95"]
[EventDate "2022.??.??"]

1. e4 e5 2. Nf3 d6 3. d4 Nd7 4. Bc4 Be7 5. Nc3 Ngf6 6. O-O O-O 7. Re1 c6 8. a4 b6 9. h3 Qc7 10. Ba2 Bb7 11. Nh4 Rfe8 12. Nf5 Bf8 13. Bg5 a6 14. dxe5 dxe5 15. Qf3 h6 16. Bxf6 Nxf6 17. Nxh6+ gxh6 18. Qxf6 Bg7 19. Qf3 b5 20. Red1 Rad8 21. axb5 axb5 22. Bb3 b4 23. Ne2 c5 24. Bc4 Re7 25. Ng3 Rd4 26. b3 Red7 27. Qg4 Rxd1+ 28. Rxd1 Rxd1+ 29. Qxd1 Bc8 30. Nh5 Bh8 31. Qf3 Qe7 32. Ng3 Qf6 33. Qe3 Qd6 34. Bd5 Kf8 35. Nf1 Ba6 36. Ng3 Bc8 37. Nf1 Ba6 38. Nd2 Bg7 39. Bc4 Bb7 40. Bd3 Qc7 41. Bc4 Bc8 42. Nf1 Qd6 43. Qf3 Qf6 44. Qd3 Bb7 45. Ne3 Bc8 46. Qd5 Qe7 47. Qa8 Qd8 48. Ba6 1-0

[Event "FB22 2223 SK Doppelbauer Turm Kiel - SV"]
[Site "?"]
[Date "2022.10.16"]
[Round "2.5"]
[White "Buchholz, Maja"]
[Black "Braeutigam, Katerina"]
[Result "0-1"]
[WhiteElo "1765"]
[BlackElo "1873"]
[PlyCount "62"]
[EventDate "2022.??.??"]

1. c4 Nf6 2. g3 g6 3. Bg2 Bg7 4. Nc3 O-O 5. Nf3 c5 6. O-O Nc6 7. d4 cxd4 8. Nxd4 Nxd4 9. Qxd4 d6 10. Qd3 Rb8 11. Be3 b6 12. Nb5 Qd7 13. Bd4 Bb7 14. e4 a6 15. Nc3 Rfc8 16. Rfd1 Qc6 17. b3 e5 18. Be3 b5 19. Nxb5 axb5 20. cxb5 Qc2 21. a4 Bxe4 22. Bxe4 Nxe4 23. Qxc2 Rxc2 24. f3 Nc5 25. b4 Nb3 26. Ba7 Rb7 27. b6 Nxa1 28. Rxd6 Bf8 29. Rd8 Kg7 30. Rb8 Rd7 31. b7 Rd1# 0-1

[Event "FB22 2223 SK Doppelbauer Turm Kiel - SV"]
[Site "?"]
[Date "2022.10.16"]
[Round "2.6"]
[White "Hielscher, Ursula"]
[Black "Barpiyeva, Gulsana"]
[Result "1/2-1/2"]
[WhiteElo "1692"]
[BlackElo "2024"]
[PlyCount "93"]
[EventDate "2022.??.??"]

1. d4 Nf6 2. c4 c5 3. Nf3 g6 4. Nc3 cxd4 5. Nxd4 Bg7 6. e4 d6 7. Be2 Nc6 8. Be3 O-O 9. O-O Bd7 10. h3 a6 11. Qd2 Rc8 12. Rad1 Nxd4 13. Bxd4 Qc7 14. Bxf6 exf6 15. Qxd6 Qxd6 16. Rxd6 Be6 17. Nd5 Rfe8 18. Bd3 Bxd5 19. exd5 f5 20. Rb6 Re7 21. b4 Bd4 22. c5 Rd7 23. d6 Bf6 24. Re1 Kf8 25. c6 Rxc6 26. Rxc6 bxc6 27. Bxa6 Rxd6 28. b5 cxb5 29. Bxb5 Rd2 30. a4 Bd4 31. Re8+ Kg7 32. Re2 Rd1+ 33. Kh2 Ra1 34. Rd2 Be5+ 35. g3 f4 36. Kg2 Ra3 37. Rd3 Ra2 38. gxf4 Bxf4 39. Rd7 Rd2 40. a5 Rxd7 41. Bxd7 Bc7 42. a6 Bb6 43. f4 Kf6 44. Kf3 Ke7 45. Bb5 h6 46. Ke4 Kd6 47. Kd3 1/2-1/2

[Event "FB22 2223 Elmshorner SC - Lübecker SV"]
[Site "?"]
[Date "2022.11.12"]
[Round "3.1"]
[White "Kopylov, Luba"]
[Black "Falke, Ornella"]
[Result "0-1"]
[WhiteElo "2032"]
[BlackElo "2000"]
[PlyCount "74"]
[EventDate "2022.??.??"]

1. d4 Nf6 2. c4 e6 3. Nc3 Bb4 4. Qc2 O-O 5. e4 c5 6. Nge2 d5 7. e5 Ne4 8. a3 Qa5 9. f3 cxd4 10. axb4 Qxa1 11. Nd1 Nc6 12. fxe4 Nxb4 13. Qd2 d3 14. Nf4 dxc4 15. Nh5 Qa5 16. Ne3 b5 17. Kf2 Nc6 18. Qd1 Nxe5 19. Ng4 b4 20. Ngf6+ Kh8 21. Nxg7 Kxg7 22. Qd2 Ng6 23. Qh6+ Kxf6 24. h4 Ke7 25. h5 Bb7 26. hxg6 fxg6+ 27. Kg1 Rf7 28. Qh4+ Kd7 29. Rh3 Raf8 30. Bxd3 cxd3 31. Rxd3+ Kc8 32. Bg5 Rf1+ 33. Kh2 Qe5+ 34. Rg3 Qxb2 35. Be7 Qc1 36. Rh3 Rh1+ 37. Kg3 Qe3+ 0-1

[Event "FB22 2223 Elmshorner SC - Lübecker SV"]
[Site "?"]
[Date "2022.11.12"]
[Round "3.2"]
[White "Fock, Sana"]
[Black "Braeutigam, Irina"]
[Result "0-1"]
[WhiteElo "1796"]
[BlackElo "2010"]
[PlyCount "96"]
[EventDate "2022.??.??"]

1. e4 d6 2. d4 Nf6 3. Nc3 g6 4. Be3 c6 5. f3 b5 6. Qd2 Nbd7 7. h4 h5 8. O-O-O Nb6 9. d5 b4 10. Nb1 c5 11. Bb5+ Bd7 12. Qe2 Bg7 13. c3 O-O 14. Bxd7 Qxd7 15. Nh3 bxc3 16. Nxc3 Na4 17. Qc2 Nb6 18. Qe2 Rab8 19. Kd2 Na4 20. Nxa4 Qxa4 21. Ke1 Qxa2 22. Bc1 Nd7 23. Rd2 Ne5 24. Kf2 Nc4 25. Rc2 Nxb2 26. Bxb2 Rxb2 27. Rhc1 Rfb8 28. Nf4 Rxc2 29. Rxc2 Rb2 30. Rxb2 Qxb2 31. Qxb2 Bxb2 32. Nd3 Bf6 33. g3 Kf8 34. Ke2 Ke8 35. Kd2 Kd7 36. f4 Bd4 37. Ke2 a5 38. Ne1 Kc7 39. Nc2 Kb6 40. Na3 a4 41. Kd3 Bf2 42. e5 Bxg3 43. exd6 exd6 44. Nc4+ Kc7 45. Ke4 Bxh4 46. Na3 Be7 47. Nb5+ Kb6 48. Nc3 Ka5 0-1

[Event "FB22 2223 Elmshorner SC - Lübecker SV"]
[Site "?"]
[Date "2022.11.12"]
[Round "3.3"]
[White "Mundt, Alexandra"]
[Black "Margaryan, Susanna"]
[Result "1-0"]
[WhiteElo "1778"]
[BlackElo "1422"]
[PlyCount "31"]
[EventDate "2022.??.??"]

1. e4 c6 2. d4 d5 3. e5 Bf5 4. Nc3 e6 5. g4 Bg6 6. Nge2 h6 7. h4 Be7 8. Nf4 Bh7 9. g5 hxg5 10. hxg5 Bxc2 11. Qf3 Rxh1 12. Qxh1 g6 13. Qh7 Kf8 14. Bh3 Bf5 15. Bxf5 gxf5 16. g6 1-0

[Event "FB22 2223 Elmshorner SC - Lübecker SV"]
[Site "?"]
[Date "2022.11.12"]
[Round "3.4"]
[White "Neitzel, Emma"]
[Black "Freytag, Nicole"]
[Result "0-1"]
[WhiteElo "1121"]
[BlackElo "1691"]
[PlyCount "44"]
[EventDate "2022.??.??"]

1. d4 Nf6 2. c4 d6 3. Nc3 g6 4. e4 Bg7 5. Nf3 Bg4 6. Be2 Nbd7 7. O-O O-O 8. h3 Bxf3 9. Bxf3 a6 10. a4 e5 11. d5 Ne8 12. Qc2 f5 13. Bd2 Qh4 14. exf5 gxf5 15. b3 Rf6 16. Qc1 Rg6 17. Kh1 Nef6 18. Ne2 Nc5 19. Qc2 Nfe4 20. Be3 Rf8 21. Bxc5 Nxc5 22. b4 e4 0-1

[Event "FB22 2223 Hamburger SK II - SK Doppelba"]
[Site "?"]
[Date "2022.11.12"]
[Round "3.1"]
[White "Michna, Marta"]
[Black "Scognamiglio, Stefanie"]
[Result "0-1"]
[WhiteElo "2316"]
[BlackElo "2053"]
[PlyCount "54"]
[EventDate "2022.??.??"]

1. Nf3 c5 2. g3 g6 3. Bg2 Bg7 4. d3 Nc6 5. e4 e6 6. O-O Nge7 7. c3 d5 8. Qe2 O-O 9. a4 b6 10. e5 Ba6 11. Na3 Qd7 12. Bf4 h6 13. h4 Rad8 14. Rfe1 d4 15. c4 Kh7 16. Nb5 Nb4 17. Nd6 Ng8 18. Bh3 f5 19. exf6 Rxf6 20. Ne4 Rxf4 21. gxf4 Kh8 22. Ne5 Bxe5 23. fxe5 Rf8 24. a5 Bb7 25. axb6 axb6 26. Ra7 Nc6 27. Nd6 Nxa7 0-1

[Event "FB22 2223 Hamburger SK II - SK Doppelba"]
[Site "?"]
[Date "2022.11.12"]
[Round "3.3"]
[White "Gressmann, Hanna"]
[Black "Hubert, Charlotte"]
[Result "1-0"]
[WhiteElo "1877"]
[BlackElo "1719"]
[PlyCount "67"]
[EventDate "2022.??.??"]

1. e4 c5 2. Nc3 d6 3. d4 cxd4 4. Qxd4 Nc6 5. Qd2 g6 6. b3 Bh6 7. f4 e5 8. Nb5 Bxf4 9. Qxd6 Qxd6 10. Nxd6+ Kf8 11. Bxf4 exf4 12. O-O-O Nf6 13. h3 Kg7 14. Nf3 Rd8 15. Bb5 Ne8 16. e5 f6 17. exf6+ Nxf6 18. Rhe1 Rd7 19. Ng5 Rc7 20. Nxc8 Rcxc8 21. Ne6+ Kh6 22. Bxc6 Rxc6 23. Nxf4 Rac8 24. Rd2 g5 25. Ne6 Re8 26. Rde2 Nd5 27. Re5 Nb4 28. Kb1 Nxc2 29. R1e4 Rec8 30. Nxg5 Rf8 31. Nf3 Rff6 32. Rh4+ Kg6 33. Rg5+ Kf7 34. Ne5+ 1-0

[Event "FB22 2223 Hamburger SK II - SK Doppelba"]
[Site "?"]
[Date "2022.11.12"]
[Round "3.4"]
[White "Harder, Daniella"]
[Black "Braeutigam, Katerina"]
[Result "0-1"]
[WhiteElo "1616"]
[BlackElo "1863"]
[PlyCount "48"]
[EventDate "2022.??.??"]

1. Nf3 Nf6 2. g3 g6 3. b3 Bg7 4. Bb2 c5 5. c4 O-O 6. Bg2 e6 7. O-O d5 8. d3 Nc6 9. Nbd2 d4 10. a3 a5 11. Ng5 e5 12. Bxc6 bxc6 13. Nge4 Nxe4 14. Nxe4 Qe7 15. Bc1 f5 16. Bg5 Qa7 17. Nd6 Ba6 18. b4 cxb4 19. axb4 axb4 20. Qa4 h6 21. Bd2 c5 22. Qc6 Rfd8 23. Qd5+ Kh7 24. Qe6 Qb6 0-1

[Event "FB22 2223 Hamburger SK II - SK Doppelba"]
[Site "?"]
[Date "2022.11.12"]
[Round "3.5"]
[White "Benzen, Marthe"]
[Black "Garny, Annica"]
[Result "1/2-1/2"]
[WhiteElo "1965"]
[BlackElo "1700"]
[PlyCount "36"]
[EventDate "2022.??.??"]

1. e4 e5 2. Nc3 Nc6 3. Bc4 Nf6 4. d3 Bc5 5. f4 exf4 6. Bxf4 d6 7. Nf3 Qe7 8. Qd2 Bg4 9. O-O-O Ne5 10. Rdf1 Nxc4 11. dxc4 O-O-O 12. Bg5 h6 13. Bxf6 Qxf6 14. Nd5 Qe6 15. Nd4 Qd7 16. Nf5 Qa4 17. Kb1 Qxc4 18. Nxg7 c6 1/2-1/2

[Event "FB22 2223 Hamburger SK II - SK Doppelba"]
[Site "?"]
[Date "2022.11.12"]
[Round "3.6"]
[White "Saynajakangas, Kirsi"]
[Black "Malinowsky, Celina"]
[Result "1/2-1/2"]
[WhiteElo "1613"]
[BlackElo "1483"]
[PlyCount "87"]
[EventDate "2022.??.??"]

1. d4 d5 2. Bf4 Nf6 3. e3 Bf5 4. c3 e6 5. Qb3 Qc8 6. Nf3 Be7 7. Nbd2 O-O 8. h3 c5 9. Be2 Nc6 10. O-O h6 11. Rfe1 a6 12. dxc5 Bxc5 13. Nd4 Bh7 14. Bh2 Re8 15. Bf3 Qd7 16. Nxc6 bxc6 17. Be5 Be7 18. Qa4 c5 19. Qd1 Qb5 20. c4 Qd7 21. Rc1 Rac8 22. Nb3 Ne4 23. Qe2 f6 24. Bc3 Ng5 25. Bh5 Red8 26. cxd5 exd5 27. Ba5 Rf8 28. Qxa6 Ra8 29. Qe2 c4 30. Qd2 cxb3 31. axb3 Qb5 32. b4 Rfc8 33. Bg4 Rxc1 34. Rxc1 Bg6 35. Be2 Qd7 36. Rc7 Qe6 37. Rxe7 Qd6 38. Rb7 Rc8 39. Rb6 Qd7 40. Bg4 Bf5 41. Bxf5 Qxf5 42. b5 Rc2 43. Qe1 Rxb2 44. Rc6 1/2-1/2

[Event "FB22 2223 Delmenhorster SK - SV 1920 Ho"]
[Site "?"]
[Date "2022.11.12"]
[Round "3.2"]
[White "Kickert, Germaine Helene"]
[Black "Mar, Karmen"]
[Result "1-0"]
[WhiteElo "1961"]
[BlackElo "1938"]
[PlyCount "137"]
[EventDate "2022.??.??"]

1. e4 c5 2. Nf3 e6 3. d4 cxd4 4. Nxd4 Nc6 5. Nb5 Nf6 6. Bf4 e5 7. Bg5 a6 8. Bxf6 gxf6 9. Nd6+ Bxd6 10. Qxd6 Qe7 11. Qd2 Qb4 12. Qxb4 Nxb4 13. Kd2 d6 14. Nc3 Be6 15. a3 Nc6 16. Rd1 Rc8 17. Kc1 Nd4 18. f4 Bg4 19. Rd2 Bd7 20. Bd3 b5 21. Kb1 Bc6 22. Rf1 Rg8 23. g3 Bb7 24. Rdf2 Rg7 25. fxe5 fxe5 26. Rf6 Ne6 27. Be2 Rd8 28. Bh5 Ng5 29. h4 Nxe4 30. Rxf7 Rxf7 31. Rxf7 Nxg3 32. Rxb7+ Nxh5 33. Rxh7 Nf6 34. Ra7 Rb8 35. Ne2 b4 36. a4 b3 37. c3 d5 38. Rxa6 Ke7 39. a5 Rh8 40. Nc1 e4 41. Nxb3 Rxh4 42. Nd4 Rh1+ 43. Kc2 Rh2+ 44. Kc1 Rh1+ 45. Kd2 Rh2+ 46. Ne2 Ng4 47. b4 Ne5 48. Ra7+ Kf6 49. Rc7 Ng6 50. Rc6+ Kf5 51. Rxg6 Kxg6 52. a6 Rh8 53. Nf4+ Kf5 54. Nxd5 Rh2+ 55. Ke3 Ke5 56. a7 Ra2 57. Ne7 Kd6 58. b5 Kc7 59. Nd5+ Kb7 60. b6 Ra3 61. Kxe4 Ra4+ 62. Ke5 Rc4 63. Nc7 Rc5+ 64. Kd6 Rc6+ 65. Kd7 Kxb6 66. Nd5+ Kc5 67. a8=Q Rd6+ 68. Kc7 Rxd5 69. Qc6# 1-0

[Event "FB22 2223 Delmenhorster SK - SV 1920 Ho"]
[Site "?"]
[Date "2022.11.12"]
[Round "3.3"]
[White "Tuzi, Bruna"]
[Black "Moeller, Hannah"]
[Result "0-1"]
[WhiteElo "2053"]
[BlackElo "1763"]
[PlyCount "82"]
[EventDate "2022.??.??"]

1. e4 g6 2. d4 Bg7 3. Nf3 d6 4. h3 Nd7 5. Be3 c6 6. Nc3 b5 7. Bd3 Nb6 8. b3 Bd7 9. Ne2 Nf6 10. Rc1 Rc8 11. c4 bxc4 12. bxc4 c5 13. dxc5 dxc5 14. Nc3 e6 15. e5 Ng8 16. Ne4 Bf8 17. Bg5 Qc7 18. O-O Bc6 19. Qe2 Bxe4 20. Bxe4 Bg7 21. Rfd1 Ne7 22. Rd2 O-O 23. Rcd1 Nc6 24. Bxc6 Qxc6 25. Bd8 Qa4 26. Bxb6 axb6 27. Rd6 Rc6 28. Rd7 Rcc8 29. R1d6 Ra8 30. Rc7 Ra7 31. Rxa7 Qxa7 32. Qb2 Rb8 33. a3 Qc7 34. Qd2 Ra8 35. Rd7 Qb8 36. Ng5 Qxe5 37. Nxf7 Qa1+ 38. Kh2 Rf8 39. Nd8 Be5+ 40. g3 Bd4 41. f4 Qg1# 0-1

[Event "FB22 2223 Delmenhorster SK - SV 1920 Ho"]
[Site "?"]
[Date "2022.11.12"]
[Round "3.4"]
[White "Wenke, Andrea"]
[Black "Barpiyeva, Gulsana"]
[Result "0-1"]
[WhiteElo "1659"]
[BlackElo "2016"]
[PlyCount "84"]
[EventDate "2022.??.??"]

1. e4 c5 2. Nf3 e6 3. d4 cxd4 4. Nxd4 a6 5. b3 Qc7 6. Bb2 Nf6 7. Nd2 Bb4 8. Bd3 b5 9. Rc1 Bc3 10. Bxc3 Qxc3 11. N4f3 Bb7 12. O-O Nc6 13. Nb1 Qa5 14. a3 b4 15. axb4 Nxb4 16. Nbd2 d5 17. exd5 Nxd3 18. cxd3 Qxd5 19. Nc4 Rd8 20. d4 O-O 21. Nce5 Nd7 22. Re1 h6 23. Kf1 Qb5+ 24. Qd3 Qd5 25. Qc4 Nxe5 26. dxe5 Qa5 27. Red1 Bd5 28. Qa4 Qb6 29. Nd4 Qb7 30. f3 Qb8 31. f4 f6 32. exf6 Qxf4+ 33. Nf3 Qxf6 34. Rd3 e5 35. Re3 e4 36. Rxe4 Bxe4 37. Qxe4 Rd4 38. Qe2 Qb6 39. Ke1 Qb4+ 40. Nd2 Rxd2 41. Qxd2 Rf1+ 42. Ke2 Rf2+ 0-1

[Event "FB22 2223 Delmenhorster SK - SV 1920 Ho"]
[Site "?"]
[Date "2022.11.12"]
[Round "3.5"]
[White "Rieseler, Caroline"]
[Black "Oellrich, Emma"]
[Result "1-0"]
[WhiteElo "2122"]
[BlackElo "1517"]
[PlyCount "75"]
[EventDate "2022.??.??"]

1. e4 e6 2. d4 d5 3. Nc3 Bb4 4. e5 c5 5. a3 Bxc3+ 6. bxc3 Ne7 7. Qg4 Qc7 8. Qxg7 Rg8 9. Qxh7 cxd4 10. Ne2 Nbc6 11. f4 dxc3 12. Be3 Rg6 13. h4 Nf5 14. Bf2 Nce7 15. Qh8+ Rg8 16. Qh5 Rg6 17. Qf3 Bd7 18. h5 Rh6 19. g4 Ng7 20. Qxc3 Bc6 21. Rh3 O-O-O 22. Nd4 a6 23. Rb1 Rg8 24. Be2 Kd7 25. Nb3 Nc8 26. Nc5+ Kd8 27. Qb4 a5 28. Nxb7+ Bxb7 29. Qxb7 Qxc2 30. Bh4+ Ke8 31. Rhb3 Nxh5 32. gxh5 Rg1+ 33. Kf2 Qc5+ 34. Re3 Rxb1 35. Qxb1 Qd4 36. Bg5 Rh8 37. Qb7 Qc5 38. Qb5+ 1-0

[Event "FB22 2223 Delmenhorster SK - SV 1920 Ho"]
[Site "?"]
[Date "2022.11.12"]
[Round "3.6"]
[White "Schlueter, Ulrike"]
[Black "Storkebaum, Ulrike"]
[Result "0-1"]
[WhiteElo "1433"]
[BlackElo "1772"]
[PlyCount "54"]
[EventDate "2022.??.??"]

1. d4 Nf6 2. c4 g6 3. Nc3 Bg7 4. e4 d6 5. Nf3 O-O 6. h3 e5 7. d5 a5 8. Be3 Na6 9. Be2 Qe7 10. O-O Bd7 11. Nd2 Ne8 12. f4 f5 13. Rc1 Nc5 14. Bf3 Nd3 15. Rc2 exf4 16. Bf2 Nxf2 17. Kxf2 Bd4+ 18. Ke2 a4 19. Nb5 Bg7 20. Qe1 fxe4 21. Nxe4 c6 22. Nbc3 a3 23. b3 c5 24. Kd1 Nc7 25. Re2 Qe5 26. Nxc5 Qd4+ 27. Nd3 Qxd3+ 0-1

[Event "FB22 2223 SK Doppelbauer Turm Kiel - El"]
[Site "?"]
[Date "2022.11.13"]
[Round "4.1"]
[White "Falke, Ornella"]
[Black "Michna, Marta"]
[Result "0-1"]
[WhiteElo "2000"]
[BlackElo "2316"]
[PlyCount "68"]
[EventDate "2022.??.??"]

1. Nf3 d6 2. c4 e5 3. Nc3 Nd7 4. d4 g6 5. dxe5 dxe5 6. Bg5 f6 7. Bc1 Nh6 8. h4 a5 9. Qc2 Nc5 10. e4 c6 11. Be2 Qc7 12. h5 g5 13. Be3 Ng4 14. O-O-O Nxe3 15. fxe3 g4 16. Nh2 Rg8 17. Rdf1 Bh6 18. Rxf6 Bxe3+ 19. Kb1 Bf4 20. Qd1 Ke7 21. Rxf4 exf4 22. Nxg4 Bxg4 23. Bxg4 Rad8 24. Qe2 Qe5 25. h6 Rd3 26. Rh5 Rg5 27. Rh3 Qd4 28. Rxd3 Nxd3 29. Bf5 Qg1+ 30. Nd1 Nf2 31. Kc2 Rxg2 32. Qh5 Rh2 33. Qf3 Nxd1+ 34. Kb3 Qe3+ 0-1

[Event "FB22 2223 SK Doppelbauer Turm Kiel - El"]
[Site "?"]
[Date "2022.11.13"]
[Round "4.2"]
[White "Staerk, Elisa"]
[Black "Fock, Sana"]
[Result "1-0"]
[WhiteElo "1956"]
[BlackElo "1796"]
[PlyCount "73"]
[EventDate "2022.??.??"]

1. d4 d5 2. c4 e6 3. Nc3 Nf6 4. Bg5 Be7 5. e3 c6 6. Nf3 Nbd7 7. Rc1 h6 8. Bh4 O-O 9. Bd3 dxc4 10. Bxc4 b5 11. Bd3 Bb7 12. O-O Rc8 13. a3 a5 14. Bxf6 Nxf6 15. Ne5 b4 16. axb4 axb4 17. Na4 c5 18. dxc5 Qd5 19. c6 Qxe5 20. cxb7 Rxc1 21. Qxc1 Nd7 22. Qc6 Nb8 23. Qe4 Qxe4 24. Bxe4 g6 25. Rc1 Kg7 26. Rc8 Rd8 27. Kf1 Rf8 28. Nb6 Rd8 29. Nc4 Rf8 30. Na5 Bd6 31. Nc6 Nxc6 32. Bxc6 g5 33. Ke2 h5 34. Kd3 Bb8 35. Be8 Kf6 36. Rxb8 Ke7 37. Ra8 1-0